Основы радиохимии, методы выделения и разделения радиоактивных элементов: учебное пособие

Xehetasun bibliografikoak
Egile nagusia: Жерин И. И. Иван Игнатьевич
Erakunde egilea: Национальный исследовательский Томский политехнический университет (ТПУ)
Beste egile batzuk: Амелина Г. Н. Галина Николаевна
Gaia:Заглавие с титульного экрана
Электронная версия печатной публикации
В основу учебного пособия положен курс лекций по химии редких, рассеянных и радиоактивных элементов. Пособие разработано в рамках реализации Инновационной образовательной программы ТПУ по направлению «Атомная энергетика, ядерный топливный цикл, безопасное обращение с радиоактивными отходами и отработанным ядерным топливом, обеспечение безопасности и противодействие терроризму» и предназначено для магистрантов, обучающихся по программе «Ядерно-технический контроль и регулирование», а также для студентов, обучающихся по направлению 240600 «Химическая технология материалов современной энергетики».
Режим доступа: из корпоративной сети ТПУ
Hizkuntza:errusiera
Argitaratua: Томск, Изд-во ТПУ, 2009
Gaiak:
Sarrera elektronikoa:http://www.lib.tpu.ru/fulltext2/m/2012/m133.pdf
Formatua: MixedMaterials Baliabide elektronikoa Liburua
KOHA link:https://koha.lib.tpu.ru/cgi-bin/koha/opac-detail.pl?biblionumber=212457

MARC

LEADER 00000nlm0a2200000 4500
001 212457
005 20240111132154.0
035 |a (RuTPU)RU\TPU\book\232109 
090 |a 212457 
100 |a 20120327d2009 m y0rusy50 ca 
101 0 |a rus 
102 |a RU 
105 |a a j 001zy 
181 0 |a i  
182 0 |a b 
200 1 |a Основы радиохимии, методы выделения и разделения радиоактивных элементов  |e учебное пособие  |f И. И. Жерин, Г. Н. Амелина  |g Национальный исследовательский Томский политехнический университет (ТПУ) 
203 |a Текст  |c электронный 
210 |a Томск  |c Изд-во ТПУ  |d 2009 
300 |a Заглавие с титульного экрана 
300 |a Электронная версия печатной публикации 
330 |a В основу учебного пособия положен курс лекций по химии редких, рассеянных и радиоактивных элементов. Пособие разработано в рамках реализации Инновационной образовательной программы ТПУ по направлению «Атомная энергетика, ядерный топливный цикл, безопасное обращение с радиоактивными отходами и отработанным ядерным топливом, обеспечение безопасности и противодействие терроризму» и предназначено для магистрантов, обучающихся по программе «Ядерно-технический контроль и регулирование», а также для студентов, обучающихся по направлению 240600 «Химическая технология материалов современной энергетики». 
333 |a Режим доступа: из корпоративной сети ТПУ 
337 |a Adobe Reader 
452 1 |0 (RuTPU)RU\TPU\book\216969  |y 978-5-98298-836-2  |t Основы радиохимии, методы выделения и разделения радиоактивных элементов  |o учебное пособие  |f И. И. Жерин, Г. Н. Амелина  |g Томский политехнический университет (ТПУ)  |c Томск  |n Изд-во ТПУ  |d 2009  |p 196 с.  |s Инновационная образовательная программа Томского политехнического университета  |a Жерин, Иван Игнатьевич 
606 1 |a Радиоактивные изотопы  |x Химия  |2 stltpush  |3 (RuTPU)RU\TPU\subj\22407  |9 47173 
610 1 |a радиохимия 
610 1 |a радиоактивные элементы 
610 1 |a нахождение 
610 1 |a методы разделения 
610 1 |a методы выделения 
610 1 |a состояния 
610 1 |a твердые фазы 
610 1 |a газовые фазы 
610 1 |a хроматография 
610 1 |a ионный обмен 
610 1 |a радиоактивный распад 
610 1 |a учебные пособия 
610 1 |a труды учёных ТПУ 
610 1 |a электронный ресурс 
675 |a 544.582(075.8)  |v 3 
700 1 |a Жерин  |b И. И.  |c российский химик  |c профессор Томского политехнического университета, доктор химических наук  |f 1955-  |g Иван Игнатьевич  |3 (RuTPU)RU\TPU\pers\25854  |9 11723 
701 1 |a Амелина  |b Г. Н.  |c химик-технолог  |c доцент Томского политехнического университета, кандидат химических наук  |f 1963-  |g Галина Николаевна  |3 (RuTPU)RU\TPU\pers\27824  |9 12862 
712 0 2 |a Национальный исследовательский Томский политехнический университет (ТПУ)  |c (2009- )  |3 (RuTPU)RU\TPU\col\15902 
801 1 |a RU  |b 63413507  |c 20110714 
801 2 |a RU  |b 63413507  |c 20230112  |g RCR 
856 4 |u http://www.lib.tpu.ru/fulltext2/m/2012/m133.pdf 
942 |c CF